000 00245nam a22000977a 4500
008 170125b xxu||||| |||| 00| 0 eng d
041 _aeng
080 _a618.2
245 _aCLINICAL CHEMISTRY AND LABORATORY MEDICINE
_cGRUYTER, W.D
942 _2udc
_cBK
999 _c3598
_d3598